Glossari de ciberseguretat i navegació segura per Internet (Registre núm. 68910)

MARC details
000 -LEADER
campo de control de longitud fija 00757amm a2200217 4500
005 - FECHA Y HORA DE LA ÚLTIMA TRANSACCIÓN
campo de control 20250122143122.0
007 - CAMPO FIJO DE DESCRIPCIÓN FÍSICA--INFORMACIÓN GENERAL
campo de control de longitud fija cr |||||u|||||
008 - DATOS DE LONGITUD FIJA--INFORMACIÓN GENERAL
campo de control de longitud fija 181205s2018 1 o d cat cat
041 ## - CÓDIGO DE IDIOMA
Código de lengua del texto/banda sonora o título independiente cat
080 ## - NÚMERO DE LA CLASIFICACIÓN DECIMAL UNIVERSAL
Número de la Clasificación Decimal Universal 004.056.57
245 ## - MENCIÓN DEL TÍTULO
Título Glossari de ciberseguretat i navegació segura per Internet
Medio [en línia]
Mención de responsabilidad, etc. Internet Segura
260 ## - PUBLICACIÓN, DISTRIBUCIÓN, ETC.
Lugar de publicación, distribución, etc. Barcelona
Nombre del editor, distribuidor, etc. Generalitat de Catalunya. Fundació Centre de Seguretat de la Informació de Catalunya
Fecha de publicación, distribución, etc. 2018
300 ## - DESCRIPCIÓN FÍSICA
Extensión 14 p.
Otras características físicas 1 document PDF
520 ## - RESUMEN, ETC.
Nombre de termes 20
546 ## - NOTA DE IDIOMA
Llengua de les definicions català
592 ## - Tipus obra
Tipus d'obra Obra terminològica
593 ## - Codi CGAT
Codi de la CGAT GEC
650 ## - PUNTO DE ACCESO ADICIONAL DE MATERIA--TÉRMINO DE MATERIA
Término de materia o nombre geográfico como elemento de entrada ciberseguretat
9 (RLIN) 60640
856 ## - LOCALIZACIÓN Y ACCESO ELECTRÓNICOS
Identificador Uniforme de Recursos <a href="https://agora.xtec.cat/ceippax/wp-content/uploads/usu1317/2018/09/glossari_ciberseguretat_yomo.pdf">https://agora.xtec.cat/ceippax/wp-content/uploads/usu1317/2018/09/glossari_ciberseguretat_yomo.pdf</a>
942 ## - ELEMENTOS DE ENTRADA SECUNDARIOS (KOHA)
Tipo de ítem Koha Monografia
Suprimir en OPAC No
Fuente del sistema de clasificación o colocación Clasificación Decimal Dewey
Fons
Estatus retirado Estado de pérdida Estado de daño No para préstamo Biblioteca de origen Biblioteca actual Fecha de adquisición Total de préstamos Signatura topográfica completa Código de barras Visto por última vez Identificador Uniforme de Recursos Precio de reemplazo Tipo de ítem Koha
        TERMCAT TERMCAT 05/12/2018   Biblioteca electrònica P_69036 16/04/2024 https://agora.xtec.cat/ceippax/wp-content/uploads/usu1317/2018/09/glossari_ciberseguretat_yomo.pdf 16/04/2024 MO